Informační soustava podniku pro 3. ročník středních ekonomických škol, studijní obor ekonomika obchodu a služeb : 63-04-6 /

Hlavní autor: Sedláček, Jozef, 1924-
Další autoři: Spitzová, Amália
Jazyk: Čeština
Vydáno: Praha : SPN, 1987
Vydání: 2. vyd.
Edice: Učebnice pro střední školy
Témata:
Fyzický popis: 199 s. + [1] příl. na vol. listu.
Knihy
Uloženo v:
LEADER 01172nam a22002772a 4500
001 000051910
003 CZ BrMZK
005 20171030125120.0
008 951201s1987 xr f cze d
015 |a cnb000038100 
035 |a (OCoLC)39424873 
040 |a BOA001  |b cze 
080 |a 372.865.012(075.3):377.5  |2 MRF 
100 1 |a Sedláček, Jozef,  |d 1924-  |7 jx20050407052 
245 1 0 |a Informační soustava podniku pro 3. ročník středních ekonomických škol, studijní obor ekonomika obchodu a služeb :  |b 63-04-6 /  |c Jozef Sedláček, Amália Spitzová 
250 |a 2. vyd. 
260 |a Praha :  |b SPN,  |c 1987 
300 |a 199 s. +  |e [1] příl. na vol. listu. 
490 1 |a Učebnice pro střední školy 
700 1 |a Spitzová, Amália 
830 0 |a Učebnice pro střední školy 
910 |a BOA001  |b PK-0106.430  |b 2-1346.577 
964 |a Informační soustava podniku (předmět učební) - učebnice - školy ekonomické střední 
990 |a BK 
996 6 |b 2610722266  |c 2-1346.577  |l MZK  |r Sklad / do 1 hodiny  |n 0  |p dar  |w 000051910  |u 000020  |a 1  |e BOA001  |j MZK50  |s P 
996 7 |b 3119977688  |c PK-0106.430  |l MZK  |r Sklad / do 1 hodiny  |n 1  |w 000051910  |u 000010  |a 1  |e BOA001  |j MZK50  |s A